Vestník Slovenského zväzu výrobných družstiev

Enregistré dans:
Détails bibliographiques
Format: Publication en série
Langue:slovaque
Publié: Bratislava Slovenský zväz výrobných družstiev 1988
Tags: Ajouter un tag
Pas de tags, Soyez le premier à ajouter un tag!

MARC

LEADER 00000nas2a2200000 4500
001 s030822
005 20200722120415.6
041 0 |a slo 
044 |a SK 
245 1 0 |a Vestník Slovenského zväzu výrobných družstiev 
264 1 |a Bratislava  |b Slovenský zväz výrobných družstiev  |c 1988 
773 0 |w eu_un_cat*s120896